000 00413nmm a2200133Ia 4500
008 251105s9999||||xx |||||||||||||||||und||
041 _aspa
100 _aCastañeda Hernández, Sebastián
245 0 _aCurso básico de teoría de números
264 _a[Bogotá, Colombia] :
_bUniversidad del Norte,
_c2016
300 _a134 páginas
856 _uhttps://public.digitaliapublishing.com/a/54940
942 _cCF
999 _c106296
_d106296